Cuentos para una noche de insomno /
Guardado en:
| Autor Principal: | |
|---|---|
| Otros Autores: | |
| Formato: | Libro |
| Publicado: |
Buenos Aires :
V&r,
2014
|
| Series: | Mirador
|
| Materias: | |
| Etiquetas: |
Agregar Etiqueta
Sin Etiquetas, Sea el primero en etiquetar este registro!
|
| LEADER | 01610nam a22003615a 4500 | ||
|---|---|---|---|
| 001 | CEM.cems015157 | ||
| 005 | 20190930172013.0 | ||
| 008 | 130507s2014##################000#0#####d | ||
| 003 | CEMS | ||
| 020 | |a 9789876128032 | ||
| 082 | 0 | 4 | |a M868.4 |
| 100 | 1 | |a Estrada, Jorge A. | |
| 245 | 1 | 0 | |a Cuentos para una noche de insomno / |c Jorge A. Estrada ; ilustrado Por Jorge Del ángel |
| 260 | |a Buenos Aires : |b V&r, |c 2014 | ||
| 300 | |a 72 p. | ||
| 490 | 0 | |a Mirador | |
| 505 | 0 | |a Leopoldo -- Hugo -- Anibal -- Nombres -- Araceli -- Inés -- Esperanza -- Blurel | |
| 653 | |a Literatura | ||
| 653 | |a Literatura mexicana | ||
| 653 | |a Literatura infantil | ||
| 653 | |a Cuentos infantiles | ||
| 653 | |a Colección ciencias de la educación | ||
| 700 | 1 | |a Del Ángel, Jorge | |
| 859 | |a CEMS |b BIB. CEMS - Ccias. Educacion |h M868.4 |i Es881 |k CE |p 28175.19 |t Ej.1 | ||
| 859 | |a CEMS |b BIB. CEMS - Ccias. Educacion |h M868.4 |i Es881 |k CE |p 28176.19 |t Ej.2 | ||
| 859 | |a CEMS |b BIB. CEMS - Ccias. Educacion |h M868.4 |i Es881 |k CE |p 28177.19 |t Ej.3 | ||
| 859 | |a CEMS |b BIB. CEMS - Ccias. Educacion |h M868.4 |i Es881 |k CE |p 28178.19 |t Ej.4 | ||
| 859 | |a CEMS |b BIB. CEMS - Ccias. Educacion |h M868.4 |i Es881 |k CE |p 28179.19 |t Ej.5 | ||
| 859 | |a CEMS |b BIB. CEMS - Ccias. Educacion |h M868.4 |i Es881 |k CE |p 28180.19 |t Ej.6 | ||
| 859 | |a CEMS |b BIB. CEMS - Ccias. Educacion |h M868.4 |i Es881 |k CE |p 28181.19 |t Ej.7 | ||
| 859 | |a CEMS |b BIB. CEMS - Ccias. Educacion |h M868.4 |i Es881 |k CE |p 28182.19 |t Ej.8 | ||
| 859 | |a CEMS |b BIB. CEMS - Ccias. Educacion |h M868.4 |i Es881 |k CE |p 28183.19 |t Ej.9 | ||
| 859 | |a CEMS |b BIB. CEMS - Ccias. Educacion |h M868.4 |i Es881 |k CE |p 28419.19 |t Ej.10 | ||
